Giáo trình Matlab /
Сохранить в:
| Главный автор: | |
|---|---|
| Формат: | Sách giấy |
| Язык: | Vietnamese |
| Опубликовано: |
Đà nẵng :
Nxb. Đà nẵng,
2005
|
| Предметы: | |
| Метки: |
Добавить метку
Нет меток, Требуется 1-ая метка записи!
|
| Thư viện lưu trữ: | Thư viện Trường Đại học Đà Lạt |
|---|
| LEADER | 00713nam a2200301 4500 | ||
|---|---|---|---|
| 001 | DLU050048376 | ||
| 005 | ##20050901 | ||
| 040 | # | # | |a DLU |b vie |
| 041 | # | # | |a vie |
| 044 | # | # | |a vn |
| 082 | # | # | |a 005.369 |b PH-T |
| 100 | # | # | |a Phan Thanh Tao |
| 245 | # | # | |a Giáo trình Matlab / |c Phan ThanhTao |
| 260 | # | # | |a Đà nẵng : |b Nxb. Đà nẵng, |c 2005 |
| 300 | # | # | |a 192 tr. ; |c 21 cm |
| 504 | # | # | |a Tài liệu tham khảo :tr.192 |
| 653 | # | # | |a Giáo trình |
| 653 | # | # | |a Phần mềm MATLAB |
| 923 | # | # | |a 32/2005 |
| 992 | # | # | |a 30.000 |
| 994 | # | # | |a DLU |
| 900 | # | # | |a True |
| 911 | # | # | |a Đào Thị Thu Huyền |
| 925 | # | # | |a G |
| 926 | # | # | |a A |
| 927 | # | # | |a SH |
| 980 | # | # | |a Thư viện Trường Đại học Đà Lạt |